| 000 | 00781nam a22002417a 4500 | ||
|---|---|---|---|
| 003 | AR-BeUNQ | ||
| 005 | 20250415172119.0 | ||
| 008 | 250227b19702024|||cao||r6|||o00| 0 spadc | ||
| 020 | _a9789873994319 | ||
| 040 |
_aAR-BeUNQ _bspa _cAR-BeUNQ _eaacr |
||
| 082 |
_221 _aA863 CIN |
||
| 100 | 0 | 1 |
_aCinetto, Liliana _caut. _d1970 |
| 245 |
_aCristal _cLiliana Cinetto. _hLibro |
||
| 250 | _a1a.ed | ||
| 260 |
_aCiudad Atónoma de Buenos Aires : _bLa letra del gato, _c2023 |
||
| 300 |
_a128 p. _bil. ; _c21 cm |
||
| 490 | _aIdentidades Bonaerenses | ||
| 500 | _anovela romática. | ||
| 650 |
_2Novela romántica _atell |
||
| 651 |
_2unescot _aArgentina |
||
| 929 |
_aDONACION _bMinisterio de Educación de la Provincia de Buenos Aires _c0 _d0 _e05/11/2023 _fPAT0082648 _j62885 |
||
| 942 | _cLIB | ||
| 999 |
_c1183 _d1183 |
||